| 000 | 00561nam a22001337a 4500 | ||
|---|---|---|---|
| 082 |
_a823 _bCAS/B |
||
| 100 | _aCAST KRISTIN | ||
| 245 | _aBETRAYED | ||
| 260 |
_aLONDON _bATOM |
||
| 300 | _a392 | ||
| 520 | _aBetrayed is narrated in first person by Zoey a fledgling vampyre who has been gifted with unusual powers by the vampyre goddess Nyx. Marked saw Zoey bewildered by the twin ordeals of realising that she was destined to become a vampyre and having to go to a special boarding school for fledgling vampyres. | ||
| 650 |
_aNOVEL,ENGLISH _zLONDON |
||
| 942 | _cBK | ||
| 999 |
_c2513 _d2513 |
||